000 00460pab a2200193 454500
008 180718b1997 xxu||||| |||| 00| 0 eng d
100 _aThimmaiah, G.
245 _aPolitical economy of budget 1997-98
260 _c1997
300 _ap.10
362 _a6 Mar
650 _aBudget - India
650 _aFinance, Public - India
650 _aPublic finance
650 _aState budget
650 _aBudget
773 _aEconomic Times
909 _a34393
999 _c34393
_d34393